[Event "AUT-chT2W 2324"]
[Site "Austria"]
[Date "2024.01.20"]
[Round "7.2"]
[White "Shengelia, Davit"]
[Black "Burschowsky, Matthias"]
[Result "1-0"]
[WhiteElo "2494"]
[BlackElo "2192"]
[PlyCount "103"]
[EventDate "2023.09.29"]
[EventType "team-tourn"]
[EventRounds "11"]
[EventCountry "AUT"]
[SourceTitle "EXT 2025"]
[Source "ChessBase"]
[SourceDate "2024.10.14"]
[SourceVersion "1"]
[SourceVersionDate "2024.10.14"]
[SourceQuality "1"]
[WhiteTeam "Absam"]
[BlackTeam "Salzburg ASK"]
[WhiteTeamCountry "AUT"]
[BlackTeamCountry "AUT"]

1. d4 Nf6 2. Nf3 c5 3. d5 b5 4. Bg5 Qb6 5. Nc3 b4 6. Na4 Qa5 7. Bxf6 exf6 8. b3 d6 9. e4 g6 10. Nd2 Bg7 11. Bd3 0-0 12. 0-0 Qc7 13. a3 a5 14. Nc4 Nd7 15. f4 f5 16. exf5 Bb7 17. fxg6 fxg6 18. f5 Bxd5 19. fxg6 Rxf1+ 20. Bxf1 Bd4+ 21. Kh1 hxg6 22. c3 bxc3 23. Nxc3 Bc6 24. Qd3 Kg7 25. Re1 Nf6 26. Ne2 Re8 27. Qb1 Bf2 28. Nf4 Be4 29. Rxe4 Nxe4 30. g3 Bd4 31. Be2 d5 32. Nd2 Nxd2 33. Qxg6+ Kf8 34. Bg4 Qg7 35. Qd6+ Kg8 36. Qxd5+ Qf7 37. Qc6 Re1+ 38. Kg2 Rg1+ 39. Kh3 Qh7+ 40. Nh5 Qe7 41. Qc8+ Kf7 42. Nf4 Ne4 43. Be6+ Kf6 44. Qh8+ Qg7 45. Qd8+ Ke5 46. Qd5+ Kf6 47. Nh5+ Kg6 48. Qf5+ Kh6 49. Nxg7 Nf2+ 50. Kh4 Kxg7 51. Qf7+ Kh6 52. Bf5 1-0

[Event "AUT-chT2W 2324"]
[Site "Austria"]
[Date "2023.11.12"]
[Round "5.3"]
[White "Burschowsky, Matthias"]
[Black "Hofer, Emilian"]
[Result "1/2-1/2"]
[WhiteElo "2192"]
[BlackElo "2245"]
[PlyCount "89"]
[EventDate "2023.09.29"]
[EventType "team-tourn"]
[EventRounds "11"]
[EventCountry "AUT"]
[SourceTitle "EXT 2025"]
[Source "ChessBase"]
[SourceDate "2024.10.14"]
[SourceVersion "1"]
[SourceVersionDate "2024.10.14"]
[SourceQuality "1"]
[WhiteTeam "Salzburg ASK"]
[BlackTeam "Hohenems"]
[WhiteTeamCountry "AUT"]
[BlackTeamCountry "AUT"]

1. c4 Nf6 2. Nf3 c6 3. g3 d5 4. Bg2 Bf5 5. b3 e6 6. 0-0 Nbd7 7. Bb2 Be7 8. d3 h6 9. Nbd2 0-0 10. a3 a5 11. Rc1 Bh7 12. Rc2 Bd6 13. Qa1 Re8 14. Ne5 Nxe5 15. Bxe5 Bxe5 16. Qxe5 Nd7 17. Qb2 Qb6 18. b4 axb4 19. axb4 Ra4 20. Rb1 Nf6 21. c5 Qc7 22. Ra1 Rea8 23. Rxa4 Rxa4 24. Qb3 Ra1+ 25. Bf1 Bf5 26. Ra2 Rxa2 27. Qxa2 e5 28. e3 Nd7 29. Qa7 Qb8 30. Qa4 Qc7 31. Nb3 Nf8 32. Qa7 Bc8 33. Na5 Ne6 34. Qa8 Nd8 35. d4 exd4 36. exd4 g6 37. b5 cxb5 38. Bxb5 Kg7 39. Qa7 Qe7 40. Bf1 Qe1 41. Qb8 Bh3 42. Qe5+ Qxe5 43. dxe5 Bxf1 44. Kxf1 f6 45. exf6+ 1/2-1/2

[Event "AUT-chT2W 2223"]
[Site "Austria"]
[Date "2022.09.24"]
[Round "2.2"]
[White "Neukirchner, Pascal"]
[Black "Burschowsky, Matthias"]
[Result "1-0"]
[WhiteElo "2269"]
[BlackElo "2225"]
[PlyCount "103"]
[EventDate "2022.09.23"]
[EventType "team-tourn"]
[EventRounds "11"]
[EventCountry "AUT"]
[SourceTitle "CBM 210 Extra"]
[Source "ChessBase"]
[SourceDate "2022.11.30"]
[SourceVersion "1"]
[SourceVersionDate "2022.11.30"]
[SourceQuality "1"]
[WhiteTeam "Schwarzach"]
[BlackTeam "Salzburg ASK"]
[WhiteTeamCountry "AUT"]
[BlackTeamCountry "AUT"]

1. d4 Nf6 2. c4 c5 3. d5 b5 4. cxb5 a6 5. bxa6 g6 6. Nc3 Bxa6 7. e4 Bxf1 8. Kxf1 d6 9. Nf3 Bg7 10. g3 0-0 11. Kg2 Nbd7 12. Qc2 Qa5 13. Bd2 Rfb8 14. Rhb1 Qb4 15. a4 Qb3 16. Qd3 Ng4 17. Ra3 Nge5 18. Nxe5 Nxe5 19. Rxb3 Nxd3 20. Rxb8+ Rxb8 21. b3 f5 22. exf5 gxf5 23. Nb5 Ra8 24. Na3 Nb2 25. Bg5 Kf8 26. Re1 Ra7 27. Re2 Rb7 28. Nc4 Nd1 29. Na5 Rc7 30. Nc6 e5 31. Rc2 Ke8 32. a5 e4 33. a6 Rc8 34. Ne7 Ra8 35. Nxf5 Be5 36. Rc1 Nb2 37. Re1 Nd3 38. Rxe4 Kf7 39. f4 Rxa6 40. Ra4 Rxa4 41. bxa4 Bc3 42. Nxd6+ Kf8 43. Ne4 Bb4 44. Kf3 c4 45. Ke3 Nb2 46. Kd4 Ba5 47. d6 Ke8 48. f5 Bb6+ 49. Kc3 Nxa4+ 50. Kxc4 Bg1 51. Kd5 h6 52. Bh4 1-0

[Event "AUT-chT2W 1920"]
[Site "Austria"]
[Date "2020.03.08"]
[Round "11.2"]
[White "Meier, Alexander"]
[Black "Burschowsky, Matthias"]
[Result "1-0"]
[WhiteElo "2206"]
[BlackElo "2249"]
[PlyCount "137"]
[EventDate "2019.10.04"]
[EventType "team-tourn"]
[EventRounds "11"]
[EventCountry "AUT"]
[SourceTitle "EXT 2022"]
[Source "ChessBase"]
[SourceDate "2021.10.06"]
[SourceVersion "1"]
[SourceVersionDate "2021.10.06"]
[SourceQuality "1"]
[WhiteTeam "Pradl"]
[BlackTeam "Salzburg ASK"]
[WhiteTeamCountry "AUT"]
[BlackTeamCountry "AUT"]

1. e4 c5 2. Nc3 g6 3. f4 Nc6 4. Nf3 Bg7 5. Bb5 Nd4 6. 0-0 a6 7. Bd3 d6 8. Nxd4 cxd4 9. Ne2 Nf6 10. Kh1 0-0 11. Nxd4 Nxe4 12. Bxe4 Bxd4 13. Qf3 Rb8 14. c3 Bg7 15. f5 b5 16. d4 b4 17. Bg5 bxc3 18. bxc3 d5 19. Bxd5 Bxf5 20. Rfe1 Bg4 21. Qxg4 Qxd5 22. Bxe7 Rfe8 23. Qg3 Bh6 24. Bd6 Rxe1+ 25. Rxe1 Rd8 26. Bc5 Bd2 27. Re2 Qxa2 28. h4 Qa1+ 29. Kh2 Qxc3 30. Qf2 Bh6 31. Qf6 Ra8 32. Rf2 Qc4 33. h5 Qd5 34. hxg6 hxg6 35. g4 Bg5 36. Qf3 Qxf3 37. Rxf3 a5 38. d5 a4 39. d6 Ra5 40. Rc3 Ra8 41. d7 Rd8 42. Rd3 f5 43. gxf5 gxf5 44. Bb6 Kf7 45. Bxd8 Bxd8 46. Re3 a3 47. Rxa3 Ke6 48. Rd3 Ke5 49. Kg2 Ke6 50. Kf3 Ke5 51. Rd1 Ke6 52. Rd4 Ke5 53. Ke3 Ke6 54. Kd3 Ke5 55. Kc4 Ke6 56. Kc5 Ke5 57. Rd5+ Ke6 58. Kc6 f4 59. Rd1 Ke5 60. Re1+ Kd4 61. Re8 Bg5 62. Rg8 Be7 63. Rf8 Bxf8 64. d8Q+ Ke3 65. Qe8+ Kf2 66. Qxf8 f3 67. Kd5 Kg2 68. Qg7+ Kf1 69. Ke4 1-0

[Event "AUT-chT2W 1920"]
[Site "Austria"]
[Date "2019.11.24"]
[Round "5.1"]
[White "Breder, Dennis"]
[Black "Burschowsky, Matthias"]
[Result "1-0"]
[WhiteElo "2464"]
[BlackElo "2249"]
[PlyCount "53"]
[EventDate "2019.10.04"]
[EventType "team-tourn"]
[EventRounds "11"]
[EventCountry "AUT"]
[SourceTitle "CBM 193 Extra"]
[Source "ChessBase"]
[SourceDate "2020.01.31"]
[SourceVersion "1"]
[SourceVersionDate "2020.01.31"]
[SourceQuality "1"]
[WhiteTeam "Hohenems II"]
[BlackTeam "Salzburg ASK"]
[WhiteTeamCountry "AUT"]
[BlackTeamCountry "AUT"]

1. e4 c5 2. Nf3 g6 3. c3 Bg7 4. d4 cxd4 5. cxd4 d5 6. e5 Bg4 7. Bb5+ Nd7 8. 0-0 e6 9. Nbd2 a6 10. Ba4 Ne7 11. h3 Bxf3 12. Nxf3 0-0 13. Bg5 h6 14. Bd2 b5 15. Bc2 Nc6 16. Rc1 Qb6 17. Be3 Rac8 18. h4 Qa5 19. Bb1 Rc7 20. h5 f6 21. hxg6 fxe5 22. Nxe5 Ndxe5 23. dxe5 Nxe5 24. Qh5 Rxc1 25. Rxc1 Qb4 26. Bxh6 Qxb2 27. Be3 1-0

[Event "AUT-chT2W 1718"]
[Site "Austria"]
[Date "2018.01.13"]
[Round "7.3"]
[White "Burschowsky, Matthias"]
[Black "Hausner, Ivan"]
[Result "1/2-1/2"]
[WhiteElo "2191"]
[BlackElo "2321"]
[PlyCount "65"]
[EventDate "2017.10.13"]
[EventType "team-tourn"]
[EventRounds "11"]
[EventCountry "AUT"]
[SourceTitle "EXT 2019"]
[Source "ChessBase"]
[SourceDate "2018.10.10"]
[SourceVersion "1"]
[SourceVersionDate "2018.10.10"]
[SourceQuality "1"]
[WhiteTeam "Hohenems II"]
[BlackTeam "Zillertal"]
[WhiteTeamCountry "AUT"]
[BlackTeamCountry "AUT"]

1. c4 c5 2. g3 g6 3. Bg2 Bg7 4. e3 Nc6 5. Ne2 e5 6. Nbc3 Nge7 7. 0-0 0-0 8. a3 d6 9. Rb1 Be6 10. Nd5 a5 11. d3 Rb8 12. Nec3 Bd7 13. b4 axb4 14. axb4 Nxd5 15. Nxd5 Nxb4 16. Nxb4 cxb4 17. Rxb4 Bc6 18. Qb3 Rc8 19. Ba3 Qd7 20. Rb1 h5 21. h4 Bf6 22. Bxc6 bxc6 23. Rb7 Qe6 24. Qd1 Ra8 25. R1b3 c5 26. Qf3 Ra6 27. Bb2 Rfa8 28. Rb8+ Rxb8 29. Rxb8+ Kg7 30. Qb7 Ra2 31. Qb3 Ra7 32. Qb6 Ra2 33. Qb3 1/2-1/2

[Event "AUT-chT 1617"]
[Site "Austria"]
[Date "2017.03.25"]
[Round "7.5"]
[White "Burschowsky, Matthias"]
[Black "Schneider Zinner, Harald"]
[Result "0-1"]
[WhiteElo "2195"]
[BlackElo "2398"]
[PlyCount "108"]
[EventDate "2016.10.20"]
[EventType "team-tourn"]
[EventRounds "11"]
[EventCountry "AUT"]
[SourceTitle "CBM 177 Extra"]
[Source "ChessBase"]
[SourceDate "2017.04.27"]
[SourceVersion "1"]
[SourceVersionDate "2017.04.27"]
[SourceQuality "1"]
[WhiteTeam "Hohenems"]
[BlackTeam "Wien Ottakring"]
[WhiteTeamCountry "AUT"]
[BlackTeamCountry "AUT"]

1. c4 e6 2. Nc3 d5 3. e3 Nf6 4. Nf3 c6 5. b3 Nbd7 6. Qc2 b6 7. cxd5 exd5 8. Be2 Bb7 9. Bb2 Bd6 10. Rc1 0-0 11. 0-0 Re8 12. Qb1 Qe7 13. Qa1 Rad8 14. a3 Bb8 15. b4 Qd6 16. g3 a6 17. Rc2 c5 18. bxc5 bxc5 19. d4 c4 20. a4 Ng4 21. Nh4 Ndf6 22. Ba3 Qe6 23. Rb2 Bc6 24. Ng2 g5 25. Qd1 h5 26. Rb6 Bc7 27. Rxa6 Ra8 28. Rxa8 Rxa8 29. Bc5 Ba5 30. Nb5 Ne4 31. f3 Nxe3 32. Nxe3 Nxc5 33. Nxc4 dxc4 34. dxc5 Rd8 35. Qc1 Rd2 36. Rf2 Qe3 37. Qxc4 Bd5 38. Qc1 Rxe2 39. Qxe3 Rxe3 40. Rc2 Rxf3 41. Nd4 Rc3 42. Rb2 Rxc5 43. Nf5 Kh7 44. h4 Be4 45. Nd6 Rc1+ 46. Kf2 Rc2+ 47. Rxc2 Bxc2 48. Nxf7 g4 49. Ng5+ Kg6 50. Ne6 Bb6+ 51. Kg2 Bxa4 52. Nf4+ Kh6 53. Nd5 Bc6 54. Kh2 Bg1+ 0-1

[Event "AUT-chT2W 1617"]
[Site "Austria"]
[Date "2016.11.26"]
[Round "5.4"]
[White "Burschowsky, Matthias"]
[Black "Maiwald, Jens Uwe"]
[Result "0-1"]
[WhiteElo "2195"]
[BlackElo "2448"]
[PlyCount "74"]
[EventDate "2016.10.28"]
[EventType "team-tourn"]
[EventRounds "11"]
[EventCountry "AUT"]
[SourceTitle "CBM 177 Extra"]
[Source "ChessBase"]
[SourceDate "2017.04.27"]
[SourceVersion "1"]
[SourceVersionDate "2017.04.27"]
[SourceQuality "1"]
[WhiteTeam "Hohenems II"]
[BlackTeam "Zillertal"]
[WhiteTeamCountry "AUT"]
[BlackTeamCountry "AUT"]

1. c4 e5 2. Nc3 d6 3. Nf3 f5 4. d4 e4 5. Ng5 Be7 6. h4 c6 7. g3 Nf6 8. e3 h6 9. Nh3 g5 10. Be2 Be6 11. b3 Nbd7 12. Bb2 d5 13. Qc1 Rc8 14. Ba3 dxc4 15. bxc4 c5 16. d5 Bf7 17. Bb2 a6 18. Qd2 Bd6 19. a4 Ne5 20. a5 Bh5 21. Qc2 Bf3 22. Bxf3 Nxf3+ 23. Ke2 gxh4 24. gxh4 Rg8 25. Qa4+ Kf7 26. Kd1 Rg2 27. Ne2 Ng4 28. Nef4 Bxf4 29. Nxf4 Rxf2 30. Qb3 Qd6 31. Ne6 Rb8 32. Ra3 Rg2 33. Rf1 Nf2+ 34. Rxf2 Rxf2 35. Qc3 Nd4 36. Nxd4 cxd4 37. Qxd4 Rg8 0-1

[Event "AUT-chT 1516"]
[Site "Austria"]
[Date "2016.04.02"]
[Round "11.6"]
[White "Burschowsky, Matthias"]
[Black "Loimayr, Georg"]
[Result "1/2-1/2"]
[WhiteElo "2199"]
[BlackElo "2001"]
[PlyCount "60"]
[EventDate "2015.11.05"]
[EventType "team-tourn"]
[EventRounds "11"]
[EventCountry "AUT"]
[SourceTitle "EXT 2017"]
[Source "ChessBase"]
[SourceDate "2016.10.25"]
[SourceVersion "1"]
[SourceVersionDate "2016.10.25"]
[SourceQuality "1"]
[WhiteTeam "Hohenems"]
[BlackTeam "Grieskirchen/Schallerbach"]
[WhiteTeamCountry "AUT"]
[BlackTeamCountry "AUT"]

1. Nf3 Nf6 2. g3 g6 3. Bg2 Bg7 4. 0-0 0-0 5. c4 d6 6. Nc3 Nc6 7. Rb1 Bf5 8. d3 Qd7 9. Re1 e5 10. Ng5 h6 11. Nge4 Nxe4 12. dxe4 Be6 13. Nd5 f5 14. b4 Qf7 15. b5 Na5 16. Qa4 b6 17. Rf1 Nb7 18. Ba3 f4 19. Rbd1 Qd7 20. Qc2 Rac8 21. Rd3 Kh7 22. Bb4 Rf7 23. a4 Rcf8 24. Qd2 Bh3 25. a5 Bxg2 26. Kxg2 bxa5 27. Ba3 fxg3 28. Rxg3 c6 29. bxc6 Qxc6 30. Qd3 Nc5 1/2-1/2

[Event "AUT-chT 1516"]
[Site "Austria"]
[Date "2016.03.31"]
[Round "9.5"]
[White "Burschowsky, Matthias"]
[Black "Reich, Thomas"]
[Result "0-1"]
[WhiteElo "2199"]
[BlackElo "2391"]
[PlyCount "88"]
[EventDate "2015.11.05"]
[EventType "team-tourn"]
[EventRounds "11"]
[EventCountry "AUT"]
[SourceTitle "EXT 2017"]
[Source "ChessBase"]
[SourceDate "2016.10.25"]
[SourceVersion "1"]
[SourceVersionDate "2016.10.25"]
[SourceQuality "1"]
[WhiteTeam "Hohenems"]
[BlackTeam "Jenbach"]
[WhiteTeamCountry "AUT"]
[BlackTeamCountry "AUT"]

1. Nf3 Nf6 2. c4 g6 3. Nc3 Bg7 4. g3 0-0 5. Bg2 d6 6. 0-0 Nc6 7. d3 Bf5 8. e4 Bg4 9. h3 Bxf3 10. Qxf3 Ne5 11. Qe2 c5 12. Be3 Nc6 13. f4 Ne8 14. g4 Nc7 15. f5 Ne5 16. g5 Rb8 17. h4 b5 18. cxb5 Nxb5 19. Nxb5 Rxb5 20. d4 cxd4 21. Qxb5 dxe3 22. Rfe1 Qb8 23. Qxb8 Rxb8 24. Rxe3 Rxb2 25. Rc1 f6 26. Ra3 fxg5 27. hxg5 Rb7 28. Bf1 h6 29. Rc8+ Kf7 30. gxh6 Bxh6 31. fxg6+ Kxg6 32. Kg2 Bf4 33. Rb3 Rxb3 34. axb3 a5 35. Rc2 Be3 36. Bb5 Bc5 37. Kg3 Kg5 38. Ra2 Bb4 39. Rc2 Be1+ 40. Kg2 Kf4 41. Re2 Bb4 42. Be8 Nd3 43. Bf7 Ke5 44. Rc2 Ne1+ 0-1

[Event "AUT-chT2W 1516"]
[Site "Austria"]
[Date "2015.11.28"]
[Round "4.4"]
[White "Velickovic, Zoran"]
[Black "Burschowsky, Matthias"]
[Result "1-0"]
[WhiteElo "2398"]
[BlackElo "2208"]
[PlyCount "99"]
[EventDate "2015.10.16"]
[EventType "team-tourn"]
[EventRounds "11"]
[EventCountry "AUT"]
[SourceTitle "EXT 2017"]
[Source "ChessBase"]
[SourceDate "2016.10.25"]
[SourceVersion "1"]
[SourceVersionDate "2016.10.25"]
[SourceQuality "1"]
[WhiteTeam "Bernhard II"]
[BlackTeam "Hohenems II"]
[WhiteTeamCountry "AUT"]
[BlackTeamCountry "AUT"]

1. c4 Nf6 2. g3 g6 3. Bg2 c5 4. Nc3 Bg7 5. Nf3 0-0 6. d4 cxd4 7. Nxd4 Nc6 8. 0-0 Nxd4 9. Qxd4 d6 10. Qd3 Ng4 11. Nd5 Be6 12. Bg5 Bxd5 13. Bxd5 Rb8 14. Qb3 Qc7 15. Rac1 Nf6 16. Bg2 Qa5 17. Bf4 Rfc8 18. a3 g5 19. Be3 Ng4 20. Bh3 Nxe3 21. Qxe3 e6 22. b4 Qe5 23. Qxa7 Qxe2 24. Rfe1 Qd2 25. Red1 Qb2 26. Qe3 Qe5 27. Qd3 Bf8 28. Re1 Qf6 29. Rcd1 b5 30. Re4 Ra8 31. Rc1 d5 32. Rg4 h5 33. Rd4 Bg7 34. Rxd5 exd5 35. Bxc8 Rxc8 36. c5 Qc6 37. Qf5 Bf6 38. a4 Kg7 39. axb5 Qe6 40. Qxe6 fxe6 41. b6 Bd8 42. b7 Rb8 43. c6 Bc7 44. b5 Kf6 45. Rb1 Ke5 46. b6 Kd6 47. bxc7 Kxc7 48. Rc1 g4 49. Kf1 Rf8 50. Ra1 1-0

[Event "AUT-chT2W 1415"]
[Site "Austria"]
[Date "2014.11.29"]
[Round "4.3"]
[White "Wieneroiter, Gerald"]
[Black "Burschowsky, Matthias"]
[Result "1-0"]
[WhiteElo "2155"]
[BlackElo "2193"]
[PlyCount "177"]
[EventDate "2014.10.10"]
[EventType "team-tourn"]
[EventRounds "11"]
[EventCountry "AUT"]
[SourceTitle "CBM 163 Extra"]
[Source "ChessBase"]
[SourceDate "2014.12.23"]
[SourceVersion "1"]
[SourceVersionDate "2014.12.23"]
[SourceQuality "1"]
[WhiteTeam "Bernhard II"]
[BlackTeam "Hohenems II"]
[WhiteTeamCountry "AUT"]
[BlackTeamCountry "AUT"]

1. Nf3 Nf6 2. c4 c5 3. g3 b6 4. Bg2 Bb7 5. Nc3 g6 6. 0-0 Bg7 7. b3 0-0 8. Bb2 e6 9. d4 cxd4 10. Nxd4 Bxg2 11. Kxg2 d5 12. cxd5 Nxd5 13. Rc1 Nf4+ 14. gxf4 Bxd4 15. e3 Bg7 16. Ba3 Re8 17. Qf3 Na6 18. Nb5 Qd2 19. Qb7 Nc5 20. Bxc5 bxc5 21. Nc7 Rab8 22. Qxa7 Rec8 23. Rxc5 Bf8 24. Rc4 Qd7 25. Rfc1 Ra8 26. Qd4 Qxd4 27. Rxd4 Rxa2 28. Rdc4 Rb2 29. Nb5 Rb8 30. Nd4 Kg7 31. Rc8 Rb6 32. R1c6 Rb4 33. Rc4 Rb6 34. R8c6 Rb7 35. Rc7 Rb6 36. Rd7 Ra6 37. Rcc7 Kg8 38. Rxf7 Raa2 39. Nxe6 Rxf2+ 40. Kg3 Rg2+ 41. Kf3 Bh6 42. Rfd7 Rgf2+ 43. Ke4 Ra8 44. Rxh7 Re8 45. Rce7 Rxe7 46. Rxe7 Bf8 47. Nxf8 Kxf8 48. Rb7 Rxh2 49. Ke5 Re2 50. e4 g5 51. fxg5 Rg2 52. Kf5 Rf2+ 53. Ke5 Rg2 54. Kf4 Rf2+ 55. Kg3 Rf1 56. e5 Rf5 57. g6 Rg5+ 58. Kf4 Rxg6 59. Kf5 Ra6 60. b4 Ke8 61. b5 Rh6 62. Ke4 Kd8 63. Kd5 Kc8 64. Re7 Rb6 65. Kc5 Rh6 66. b6 Rh1 67. b7+ Kb8 68. e6 Rc1+ 69. Kd6 Rd1+ 70. Ke5 Re1+ 71. Kf6 Rf1+ 72. Kg7 Rg1+ 73. Kf8 Re1 74. Ke8 Re2 75. Kf8 Re1 76. Re8+ Kxb7 77. Ke7 Kc7 78. Rf8 Re2 79. Rf1 Kc8 80. Rc1+ Kb7 81. Kd7 Rd2+ 82. Ke8 Re2 83. e7 Kb8 84. Rc4 Rf2 85. Kd7 Rd2+ 86. Ke6 Re2+ 87. Kd6 Re1 88. Rc5 Kb7 89. Re5 1-0

[Event "AUT-chT2W 1314"]
[Site "Austria"]
[Date "2014.03.09"]
[Round "11.1"]
[White "Milanovic, Danilo"]
[Black "Burschowsky, Matthias"]
[Result "1/2-1/2"]
[WhiteElo "2502"]
[BlackElo "2201"]
[PlyCount "113"]
[EventDate "2013.10.18"]
[EventType "team-tourn"]
[EventRounds "11"]
[EventCountry "AUT"]
[SourceTitle "EXT 2015"]
[Source "ChessBase"]
[SourceDate "2014.11.20"]
[SourceVersion "1"]
[SourceVersionDate "2014.11.20"]
[SourceQuality "1"]
[WhiteTeam "Dornbirn"]
[BlackTeam "Pradl"]
[WhiteTeamCountry "AUT"]
[BlackTeamCountry "AUT"]

1. d4 Nf6 2. c4 e6 3. Nc3 Bb4 4. e3 0-0 5. Bd3 c5 6. Nf3 b6 7. 0-0 Bb7 8. Na4 cxd4 9. a3 Be7 10. exd4 d6 11. b4 Nbd7 12. Re1 Rc8 13. Bb2 Re8 14. Nc3 a6 15. Bf1 Qc7 16. Qd3 Qb8 17. Rad1 Qa8 18. Ng5 h6 19. Nh3 Bf8 20. Nf4 e5 21. dxe5 Nxe5 22. Qd4 Bf3 23. Rc1 g5 24. Nfd5 Bxd5 25. cxd5 b5 26. f4 gxf4 27. Qxf4 Bg7 28. Kh1 Nxd5 29. Qg3 Nf6 30. Rcd1 Kh8 31. Rxd6 Nc4 32. Bxc4 Rxc4 33. Rf1 Re6 34. Rxe6 fxe6 35. h3 Nh5 36. Qf3 Qe8 37. Re1 Qg6 38. Nd1 Bxb2 39. Nxb2 Rc2 40. Nd3 Qf5 41. Qe3 Kh7 42. Kg1 Rc3 43. Qa7+ Ng7 44. Nf2 Rxa3 45. Ng4 Rb3 46. Rf1 Rb1 47. Rxb1 Qxb1+ 48. Kh2 Qf5 49. Qe3 Qg5 50. Qe4+ Qf5 51. Qe3 Qg5 52. Qe4+ Qf5 53. Qd4 Nh5 54. Qd7+ Ng7 55. Qd2 Qg5 56. Qd3+ Qf5 57. Qe3 1/2-1/2

[Event "AUT-chT2W 1213"]
[Site "Austria"]
[Date "2013.01.12"]
[Round "7.5"]
[White "Burschowsky, Matthias"]
[Black "Scheiblmaier, Robert"]
[Result "1/2-1/2"]
[WhiteElo "2234"]
[BlackElo "2135"]
[PlyCount "79"]
[EventDate "2012.10.05"]
[EventType "team-tourn"]
[EventRounds "11"]
[EventCountry "AUT"]
[SourceTitle "EXT 2014"]
[Source "ChessBase"]
[SourceDate "2013.11.20"]
[SourceVersion "1"]
[SourceVersionDate "2013.11.20"]
[SourceQuality "1"]
[WhiteTeam "Hohenems II"]
[BlackTeam "ASK"]
[WhiteTeamCountry "AUT"]
[BlackTeamCountry "AUT"]

1. Nf3 d5 2. c4 e6 3. g3 c5 4. cxd5 exd5 5. d4 Nf6 6. Bg2 Nc6 7. 0-0 Be7 8. Nc3 0-0 9. Be3 c4 10. Ne5 Qa5 11. Bg5 Rd8 12. e4 dxe4 13. Nxc6 bxc6 14. Nxe4 Qf5 15. Qa4 Be6 16. Qxc6 Bd5 17. Nxf6+ Bxf6 18. Bxd5 Qxd5 19. Qxd5 Rxd5 20. Bxf6 gxf6 21. Rfd1 Rad8 22. Rac1 Rxd4 23. Rxd4 Rxd4 24. Rc2 Kf8 25. Kg2 Ke7 26. Kf3 f5 27. Ke3 Re4+ 28. Kd2 Kd6 29. Kc3 Kc5 30. Rd2 Re1 31. Rd7 Rc1+ 32. Kd2 Rb1 33. Kc2 Rf1 34. Rd2 h5 35. Re2 Kd4 36. h4 f6 37. a4 a5 38. Kd2 Rb1 39. Kc2 Rf1 40. Kd2 1/2-1/2

[Event "Neckar op-A 16th"]
[Site "Deizisau"]
[Date "2012.04.06"]
[Round "2"]
[White "Bacrot, Etienne"]
[Black "Burschowsky, Matthias"]
[Result "1-0"]
[WhiteElo "2706"]
[BlackElo "2229"]
[PlyCount "81"]
[EventDate "2012.04.05"]
[EventType "swiss"]
[EventRounds "9"]
[EventCountry "GER"]
[SourceTitle "CBM 147 Extra"]
[Source "ChessBase"]
[SourceDate "2012.04.24"]
[SourceVersion "1"]
[SourceVersionDate "2012.04.24"]
[SourceQuality "1"]

1. d4 Nf6 2. c4 e6 3. Nf3 Bb4+ 4. Nbd2 b6 5. a3 Bxd2+ 6. Qxd2 Bb7 7. e3 0-0 8. Be2 d6 9. b4 Nbd7 10. Bb2 Ne4 11. Qc2 f5 12. Rd1 Qe7 13. d5 e5 14. 0-0 a5 15. Ne1 Qh4 16. Bd3 Bc8 17. f3 Ng5 18. Bxf5 g6 19. Bd3 Nf6 20. e4 Bd7 21. b5 Rf7 22. Be2 Raf8 23. Nd3 Nfxe4 24. fxe4 Qxe4 25. Rxf7 Rxf7 26. Rf1 Bh3 27. Bd1 Rxf1+ 28. Kxf1 Bf5 29. Be2 Bh3 30. Bd1 Bf5 31. Ne1 Qf4+ 32. Qf2 Qxc4+ 33. Be2 Qxd5 34. Qh4 Ne4 35. Qd8+ Kg7 36. Qxc7+ Kh6 37. Bc1+ Nd2+ 38. Bxd2+ Qxd2 39. Nf3 Qd5 40. Qxb6 e4 41. Qe3+ 1-0